Journal of Futures Markets

Bibliographic Details
Format: eBook
Language:English
Published: Hoboken: Wiley, 1981 -
Subjects:
Online Access:Acceso restringido

MARC

LEADER 00000nam a22000007a 4500
005 2021032906356.0
007 cr|||| ||||
008 210329c19819999us n|w s|||| 0|||b1eng d
022 |a 0270-7314 
035 |a 32896 
040 |a vLex 
090 |c 11381  |d 11381 
245 0 0 |a Journal of Futures Markets  |h [Recurso electrn̤ico] / 
256 |a Servicio en ln̕ea 
260 |a Hoboken:  |b Wiley,  |c 1981 - 
300 |a 1 recurso electrn̤ico 
310 |a Irregular 
362 |a Nð 1-1 (Mar. 1981) - 
506 1 |a Disponible solo en los productos indicados  |d vLex Global  |d vLex Global (Academic Edition, excluding Law Schools)  |d vLex Global (Academic Edition, Law Schools) 
650 0 4 |a Economa̕ y negocios  |z Estados Unidos 
740 0 |a vLex Revistas (Servicio en ln̕ea) 
856 4 0 |u https://vlex.com/source/32896  |z Acceso restringido 
942 |c REV 
999 0 |a Economy and business